Nội các Triều Nguyễn Khâm Định Đại Nam Hội Điển Sự Lệ Trần Huy Hân, ...[et al] dịch
Đã lưu trong:
| Institution som forfatter: | |
|---|---|
| Format: | Bog |
| Sprog: | Undetermined |
| Udgivet: |
Huế
Thuận Hóa
2005
|
| Fag: | |
| Tags: |
Tilføj Tag
Ingen Tags, Vær først til at tagge denne postø!
|
| Thư viện lưu trữ: | Trung tâm Học liệu Trường Đại học Cần Thơ |
|---|
| LEADER | 00641nam a2200181Ia 4500 | ||
|---|---|---|---|
| 001 | CTU_95221 | ||
| 008 | 210402s9999 xx 000 0 und d | ||
| 082 | |a 351.001 | ||
| 082 | |b Tr513/T.2 | ||
| 110 | |a Trung tâm Khoa học Xã hội và Nhân văn Quốc gia. Viện Sử Học | ||
| 245 | 0 | |a Nội các Triều Nguyễn Khâm Định Đại Nam Hội Điển Sự Lệ | |
| 245 | 0 | |b Trần Huy Hân, ...[et al] dịch | |
| 260 | |a Huế | ||
| 260 | |b Thuận Hóa | ||
| 260 | |c 2005 | ||
| 650 | |a Administrative law | ||
| 904 | |i Mai Loan | ||
| 980 | |a Trung tâm Học liệu Trường Đại học Cần Thơ | ||